000 01028nam a22002417a 4500
005 20240530110529.0
008 160315s2013 ua g b 000 0 ara d
017 _a2012/20255
_bمصر . دار الكتب المصرية
020 _a9789770528044
040 _aEG-CaGPL
082 0 4 _221
_a306.87\
_bإ ع
100 0 _aاجلال اسماعيل حلمى
245 1 0 _aعلم اجتماع الزواج و الاسرة :
_bرؤية نقدية للواقع و المستقبل /
_cتاليف اجلال اسماعيل حلمى
260 _aالقاهرة :
_bمكتبة الانجلو المصرية ،
_c2013 .
300 _a205 ص ؛
_c24 سم +
_eملاحق .
504 _aيشتمل على ارجاعات ببليوجرافية
650 0 4 _aالاجتماع ، علم
650 0 4 _aالزواج
_xالعادات و التقاليد
650 0 4 _aالعلاقات الاجتماعية
650 0 4 _aالاسرة
_xرعاية اجتماعية
942 _2ddc
_cBK
999 _c62059
_d62059